| 000 | 00000nas 2200000za 4500 |
| 001 | 9.864559 |
| 003 | CaOODSP |
| 005 | 20221107161556 |
| 007 | cr ||||||||||| |
| 008 | 181113d19601980oncar p oss f000#b0fre| |
| 022 | |y0527-4915 |
| 040 | |aCaOODSP|bfre |
| 041 | |aeng|afre |
| 043 | |an-cn--- |
| 086 | 1 |aCS35-210-PDF |
| 130 | 0 |aCoffin and casket industry (Final) |
| 245 | 00|aCoffin and casket industry |h[ressource électronique] = |bL'industrie des cercueils. |
| 246 | 11|aIndustrie des cercueils |
| 260 | |a[Ottawa] : |bDominion Bureau of Statistics, Industry and Merchandising Division = Bureau fédéral de la statistique, Division de l'industrie et du commerce, |c1962-1982. |
| 300 | |a21 v. |
| 310 | |aAnnuel |
| 362 | 0 |a1960-1980. |
| 490 | 0 |aAnnual census of manufactures = Recensement annuel des manufactures |
| 500 | |aÉdition numérisée de l’imprimé [par Statistique Canada] |
| 546 | |aTexte en anglais et en français. |
| 550 | |aPublié 1961-1964 par la Division de l'industrie; 1965-1969, par la Division des industries manufacturières et primaires; 1970-1978, par Statistique Canada, Division des industries manufacturières et primaires; 1979-1980, par la Section des machines, du bois et des produits en métal. |
| 580 | |aFait suite après scission à : Miscellaneous wood-using industries. |
| 580 | |aAbsorbé par : Miscellaneous wood industries. |
| 692 | 07|2gccst|aIndustrie du bois |
| 710 | 1 |aCanada. |bBureau fédéral de la statistique. |bDivision de l'industrie et du commerce. |
| 710 | 1 |aCanada. |bBureau fédéral de la statistique. |bDivision de l'industrie. |
| 710 | 1 |aCanada. |bBureau fédéral de la statistique. |bDivision des industries manufacturières et primaires. |
| 710 | 1 |aCanada. |bStatistique Canada. |bSection des machines, du bois et des produits en métal. |
| 710 | 1 |aCanada. |bStatistique Canada. |bDivision des industries manufacturières et primaires. |
| 780 | 00|tThe miscellaneous wood-using industries |w(CaOODSP)9.864513 |
| 785 | 00|tMiscellaneous wood industries |w(CaOODSP)9.864497 |
| 791 | |tCoffin and casket industry |eeng|w(CaOODSP)9.864556 |